Investigación participante. Mito y realidad /
| Hlavní autor: | |
|---|---|
| Médium: | Kniha |
| Jazyk: | španělština |
| Vydáno: |
Argentina :
Kapelusz,
1985
|
| Témata: |
MARC
| LEADER | 00000nam a2200000Ia 4500 | ||
|---|---|---|---|
| 008 | 160107b1985 ag ||||| |||| 00| | spa d | ||
| 020 | |a 9501361233 | ||
| 090 | |a 18.03.01 |b 206 | ||
| 100 | 1 | |a Demo, Pedro |9 1279 | |
| 245 | 1 | 0 | |a Investigación participante. Mito y realidad / |c Pedro Demo |
| 260 | |a Argentina : |b Kapelusz, |c 1985 | ||
| 300 | |a 93 páginas | ||
| 650 | 1 | 4 | |a INVESTIGACIÓN |9 163 |
| 650 | 1 | 4 | |a MÉTODOS DE INVESTIGACIÓN |9 288 |
| 942 | |i 00231 |h 18.03.01 206 |2 z |c 01 | ||
| 999 | |c 325 |d 325 | ||
